000 00837nam a2200217Ia 4500
001 15179
005 20260318173237.0
008 260306t2017||||xx |||||||||||||| ||spa||
041 _aESP
082 _a530
_bS42F 2017
100 _aSerway, Raymond A.
_eAUT
245 0 _aFundamentos de física
260 _c2017
300 _avarias paginaciones : :
_c27 cm.
650 _aGEN
654 _aCCN
856 _uhttps://itmsp.museknowledge.com/UCSP?url=https://www.ebooks7-24.com:443/?il=5066&pg=1
_zVersión digital (2018)
856 _uhttps://0u213t1cn-y-https-ebooks7--24-com.itmsp.museknowledge.com/biblioteca.aspx
_zVéase además: Base de datos Ebook7-24
856 _uhttps://0u20ft1cu-y-https-research-ebsco-com.itmsp.museknowledge.com/c/qxo6us/search
_zVéase además: Base de datos EBSCOhost
942 _cLIB
_dJUS
_fJUS
_2ddc
999 _c15179
_d15179